000 00681nam a2200229Ia 4500
003 OSt
005 20220918173733.0
006 a|||||r|||| 00| 0
007 ta
008 220917b |||||||| |||| 00| 0 eng d
024 _a8,122
037 _cTextual
040 _aARTS
_cARTS
_beng
041 _2eng
_aeng
082 _a8653:N5, 122K0 906
110 _aAnnuaire first word
_947251
245 0 _aAnnuaire des republiques de1'ouest Africain
_b cote d'ivoire , Dahomey, HauteVolta, Mauritanie, Niger, Senegal Soudan 1960
260 _c1962
700 _aAnnuaire first word
_947252
942 _h8653:N5, 122K0 906
_cTEXL
_2CC
999 _c149912
_d149912